000 00241 a2200109 4500
001 71109
040 _cAnchieta - Colégio São Paulo
240 1 0 _aSarau Romântico 2014
_l
245 1 0 _aSarau Romântico 2014
650 4 _aMúsica
942 _cMX
999 _c71109
_d71109